000 00671nam a2200217 i 4500
001 69562
003 ES-MaACL
005 20250808081320.0
007 t|
008 040707s1974 sp ||||1| spa d
080 _a84-470-0257-8
100 1 _aGarcía de Enterría, Eduardo.
_954425
245 1 0 _aCurso de derecho administrativo.
_nI /
_cEduardo García de Enterría, Tomás-Ramón Fernández.
250 _a1ª ed.
260 _aMadrid :
_bCivitas,
_c1974.
300 _a1 v. ;
_c23 cm.
650 7 _aDerecho administrativo-
_zEspaña
_2
_9145992
700 1 _aFernández, Tomás-Ramón.
_949432
852 4 _aES-MaACL
_jG-6990
999 _c69562
_d69562